| 000 | 00635nam a22001697a 4500 | ||
|---|---|---|---|
| 999 |
_c60975 _d60975 |
||
| 005 | 20231130164833.0 | ||
| 008 | 231130s1978 ru ||||| |||| 00| 0 rus d | ||
| 041 | _arus | ||
| 080 | _a902.7 A-65 | ||
| 100 |
_aАндрианов, Б.В. _920540 |
||
| 245 |
_aЗемледелие наших предков / _cБ.В. Андрианов. |
||
| 264 |
_aМосква : _bНаука, _c1978. |
||
| 300 |
_a166 с.: _bил.; _c20 см. |
||
| 440 |
_aИстория науки и техники _920541 |
||
| 653 | _aჩვენი წინაპრების სოფლის მეურნეობა | ||
| 942 |
_2udc _cᲬᲘᲒᲜᲘ |
||